[Event "España tch Primera División - A 2013"]
[Site "Linares ESP"]
[Date "2013.08.22"]
[Round "4.32"]
[White "Taboas Rodriguez, Daniel"]
[Black "Reales Murto, Manuel Jose"]
[Result "1-0"]
[WhiteElo "2412"]
[BlackElo "2292"]
[PlyCount "180"]
[EventDate "2013.08.19"]
[EventType "team-tourn"]
[EventRounds "5"]
[EventCountry "ESP"]
[Source "lmi"]
[SourceDate "2013.08.19"]

1. d4 Nf6 2. Nf3 d5 3. c4 c6 4. cxd5 cxd5 5. Nc3 e6 6. Bf4 Bd7 7. e3 Qb6 8. Rb1
Nc6 9. Bd3 Nh5 10. Be5 Be7 11. O-O O-O 12. Ng5 Bxg5 13. Qxh5 h6 14. Bd6 Be7 15.
Bf4 Qd8 16. Rbd1 Rc8 17. e4 Nb4 18. exd5 Nxd3 19. Rxd3 Bg5 20. Bxg5 Qxg5 21.
Qxg5 hxg5 22. dxe6 Bxe6 23. d5 Bf5 24. Re3 Rfd8 25. f3 f6 26. Re7 Rd7 27. Rfe1
Kf8 28. Rxd7 Bxd7 29. Kf2 b6 30. Re4 Bf5 31. Re2 Rc4 32. Nb5 Rc5 33. Nxa7 Rxd5
34. Nc6 Bd7 35. Nb4 Rd6 36. a3 Bb5 37. Rc2 Bd7 38. Ke1 Be8 39. Rd2 Re6+ 40. Re2
Rd6 41. Na2 Kf7 42. Nc3 Bc6 43. Rd2 Rxd2 44. Kxd2 g4 45. Ke3 gxf3 46. gxf3 g5
47. f4 Kg6 48. Ne2 Kh5 49. Nd4 Bd5 50. Kf2 gxf4 51. Nb5 Kg4 52. Nd6 Be6 53. Ne8
Kg5 54. Nc7 Bc4 55. Na8 b5 56. Nb6 Be6 57. Na8 Kg4 58. Nc7 Bc4 59. Ne8 Kg5 60.
Nd6 Bd3 61. Kf3 Bf1 62. h4+ Kxh4 63. Kxf4 Kh3 64. Kf5 Kg3 65. Ne4+ Kg2 66. Kxf6
Bd3 67. Nc5 Bf1 68. Ke5 Kf2 69. Kd4 Ke1 70. Kc3 Kd1 71. Nb3 Ke2 72. Nd4+ Ke3
73. Ne6 Ke4 74. Nc7 Ke5 75. Kb4 Kd6 76. Nxb5+ Kc6 77. Nc3 Kb6 78. a4 Ka6 79.
Kc5 Ka5 80. b4+ Ka6 81. Nd5 Be2 82. Ne3 Kb7 83. b5 Ka7 84. a5 Kb7 85. Nd5 Bf1
86. Kb4 Bg2 87. a6+ Ka7 88. Nc3 Bh1 89. Ka5 Bg2 90. b6+ Ka8 1-0

[Event "España tch Primera División - A 2013"]
[Site "Linares ESP"]
[Date "2013.08.22"]
[Round "4.33"]
[White "Melero Fidalgo, Juan De Dios"]
[Black "Blasco De La Cruz, Luis"]
[Result "1-0"]
[WhiteElo "2230"]
[BlackElo "2023"]
[PlyCount "97"]
[EventDate "2013.08.19"]
[EventType "team-tourn"]
[EventRounds "5"]
[EventCountry "ESP"]
[Source "lmi"]
[SourceDate "2013.08.19"]

1. d4 Nf6 2. c4 e5 3. dxe5 Ng4 4. e3 Nxe5 5. Nh3 Bb4+ 6. Bd2 Bxd2+ 7. Qxd2 O-O
8. Be2 d6 9. Nf4 Bf5 10. Nc3 Nbc6 11. O-O Re8 12. Nfd5 a6 13. Rac1 Nd7 14. Rfd1
Nf6 15. f3 h5 16. b4 Ne5 17. e4 Be6 18. f4 Ned7 19. Bf3 Bg4 20. Qf2 Nxd5 21.
cxd5 Bxf3 22. Qxf3 g6 23. Rf1 Qf6 24. Kh1 Qh4 25. h3 Rac8 26. Kh2 Qf6 27. Qd3
Qg7 28. Rce1 Re7 29. Re3 Rce8 30. a3 h4 31. Rfe1 Qh6 32. Qf1 f5 33. Qf2 Kf8 34.
exf5 Rxe3 35. Rxe3 Rxe3 36. Qxe3 gxf5 37. Qd4 Qg7 38. Qd3 Nf6 39. Ne2 Ne4 40.
Nd4 Qh6 41. Qf3 Ng3 42. Ne6+ Ke7 43. Qc3 c6 44. dxc6 bxc6 45. Ng5 Kd7 46. Qd4
d5 47. Qa7+ Ke8 48. Qf7+ Kd8 49. Ne6+ 1-0

[Event "España tch Primera División - A 2013"]
[Site "Linares ESP"]
[Date "2013.08.22"]
[Round "4.34"]
[White "Perez Suchan, Saul Mario"]
[Black "Medina Carrasco, Santiago"]
[Result "0-1"]
[WhiteElo "1649"]
[BlackElo "2198"]
[PlyCount "46"]
[EventDate "2013.08.19"]
[EventType "team-tourn"]
[EventRounds "5"]
[EventCountry "ESP"]
[Source "lmi"]
[SourceDate "2013.08.19"]

1. Nf3 Nf6 2. e3 g6 3. c4 c5 4. Nc3 Bg7 5. d4 cxd4 6. exd4 O-O 7. Be2 d5 8. O-O
Nc6 9. Ne5 Bf5 10. Nxc6 bxc6 11. c5 Qc7 12. f4 h5 13. Bf3 Rab8 14. a3 Rfd8 15.
Re1 Ne4 16. Kf1 Qa5 17. Re2 Nxc3 18. bxc3 Qxc3 19. Be3 Bd3 20. g4 Bxe2+ 21.
Kxe2 Rb2+ 22. Bd2 Rxd2+ 23. Qxd2 Qxa1 0-1

[Event "España tch Primera División - A 2013"]
[Site "Linares ESP"]
[Date "2013.08.23"]
[Round "5.11"]
[White "Moreno Trujillo, Alejandro"]
[Black "Miton, Kamil"]
[Result "1/2-1/2"]
[WhiteElo "2533"]
[BlackElo "2609"]
[PlyCount "97"]
[EventDate "2013.08.19"]
[EventType "team-tourn"]
[EventRounds "5"]
[EventCountry "ESP"]
[Source "lmi"]
[SourceDate "2013.08.19"]

1. d4 f5 2. c4 Nf6 3. Nf3 g6 4. g3 Bg7 5. Bg2 O-O 6. O-O d6 7. Nc3 c6 8. b3 Qa5
9. Qe1 e5 10. dxe5 dxe5 11. e4 f4 12. Nd5 Qxe1 13. Nxf6+ Bxf6 14. Rxe1 fxg3 15.
hxg3 Bg4 16. Nh2 Be6 17. Bf3 Nd7 18. Ba3 Rfd8 19. Bg4 Kf7 20. Rad1 Be7 21.
Bxe6+ Kxe6 22. Bxe7 Kxe7 23. Nf3 Kf6 24. Rd6+ Ke7 25. Rd2 Nf6 26. Rxd8 Rxd8 27.
Nxe5 Rd4 28. Kg2 Rxe4 29. Rxe4 Nxe4 30. Kf3 Nc5 31. b4 Ne6 32. Ke4 Ng5+ 33. Ke3
Ne6 34. c5 Nc7 35. Kd4 Ne6+ 36. Kd3 a5 37. a3 axb4 38. axb4 Nc7 39. Kd4 Ke6 40.
Nc4 Nd5 41. Na5 Nxb4 42. Nxb7 h5 43. Nd8+ Ke7 44. Nb7 Kf6 45. Ke4 Na6 46. Na5
Nxc5+ 47. Kf3 Nd7 48. Nxc6 Ne5+ 49. Ke4 1/2-1/2

[Event "España tch Primera División - A 2013"]
[Site "Linares ESP"]
[Date "2013.08.23"]
[Round "5.12"]
[White "Dziuba, Marcin"]
[Black "Taboas Rodriguez, Daniel"]
[Result "1-0"]
[WhiteElo "2589"]
[BlackElo "2412"]
[PlyCount "101"]
[EventDate "2013.08.19"]
[EventType "team-tourn"]
[EventRounds "5"]
[EventCountry "ESP"]
[Source "lmi"]
[SourceDate "2013.08.19"]

1. d4 Nf6 2. c4 g6 3. Nc3 Bg7 4. e4 d6 5. Nf3 O-O 6. Be2 e5 7. O-O Nbd7 8. Be3
Ng4 9. Bg5 f6 10. Bd2 c6 11. h3 Nh6 12. b4 a5 13. b5 f5 14. bxc6 bxc6 15. d5
cxd5 16. Bxh6 d4 17. Bxg7 Kxg7 18. Nb5 fxe4 19. Nfxd4 exd4 20. Qxd4+ Qf6 21.
Rad1 Ne5 22. Nxd6 Bf5 23. Nxe4 Bxe4 24. Qxe4 Rae8 25. c5 Re6 26. Bb5 h5 27. Rd5
Rf7 28. Qd4 g5 29. f3 h4 30. Kh1 Ng6 31. Bd7 Re5 32. c6 Rxd5 33. Qxd5 Nf4 34.
Qd1 Nh5 35. Qa1 Ng3+ 36. Kg1 Nxf1 37. Qxf6+ Kxf6 38. c7 Rxd7 39. c8=Q Rd1 40.
Qc3+ Ke7 41. Qe5+ Kf8 42. Qxg5 Ng3+ 43. Kf2 Rf1+ 44. Ke3 Rg1 45. Qxa5 Rxg2 46.
a4 Rh2 47. Qb6 Ke7 48. a5 Rxh3 49. Qc7+ Kf6 50. Qd6+ Kg5 51. Qf4+ 1-0

[Event "España tch Primera División - A 2013"]
[Site "Linares ESP"]
[Date "2013.08.23"]
[Round "5.13"]
[White "Blasco De La Cruz, Luis"]
[Black "Gonzalez Diaz, Diego"]
[Result "0-1"]
[WhiteElo "2023"]
[BlackElo "2309"]
[PlyCount "130"]
[EventDate "2013.08.19"]
[EventType "team-tourn"]
[EventRounds "5"]
[EventCountry "ESP"]
[Source "lmi"]
[SourceDate "2013.08.19"]

1. e4 c5 2. Ne2 Nc6 3. d4 cxd4 4. Nxd4 g6 5. c4 Bg7 6. Be3 Nf6 7. Nc3 d6 8. Be2
Bd7 9. O-O O-O 10. f3 a5 11. Qd2 Nxd4 12. Bxd4 Bc6 13. Rab1 Nd7 14. Bxg7 Kxg7
15. Qd4+ Kg8 16. Nd5 a4 17. f4 f6 18. Qe3 Nc5 19. Nc3 b6 20. Rfd1 Qb8 21. Bf3
Qb7 22. Rd2 h6 23. Re1 Kg7 24. h4 Rae8 25. g4 Kh7 26. Rf2 Rf7 27. Ree2 Rg8 28.
Kh2 g5 29. hxg5 hxg5 30. f5 Kg7 31. Kg1 Rh8 32. Rh2 Rff8 33. Rxh8 Rxh8 34. Rh2
Rxh2 35. Kxh2 Nd7 36. Bd1 Qa8 37. Kg2 Qa5 38. Nd5 Kf7 39. Kg3 Bxd5 40. cxd5 Nc5
41. Kf3 Qb4 42. b3 axb3 43. Bxb3 Qa3 44. Qc3 b5 45. Ke3 Qa7 46. Qd4 Qa5 47. Ke2
Nxb3 48. axb3 Qa2+ 49. Ke1 Qxb3 50. Qa7 Qc3+ 51. Ke2 Qg3 52. Qd7 Qxg4+ 53. Ke3
Qf4+ 54. Kd3 Qf3+ 55. Kd4 Qd1+ 56. Ke3 Qb3+ 57. Ke2 Qc2+ 58. Ke3 Qc3+ 59. Ke2
Qe5 60. Kd3 b4 61. Qd8 g4 62. Qh8 Qc3+ 63. Ke2 Qh3 64. Qc8 Qf3+ 65. Kd2 Qc3+
0-1

[Event "España tch Primera División - A 2013"]
[Site "Linares ESP"]
[Date "2013.08.23"]
[Round "5.14"]
[White "Vega Gomez, Francisco B."]
[Black "Perez Suchan, Saul Mario"]
[Result "1-0"]
[WhiteElo "2248"]
[BlackElo "1649"]
[PlyCount "95"]
[EventDate "2013.08.19"]
[EventType "team-tourn"]
[EventRounds "5"]
[EventCountry "ESP"]
[Source "lmi"]
[SourceDate "2013.08.19"]

1. Nf3 d6 2. d4 Nf6 3. g3 g6 4. Bg2 Bg7 5. O-O O-O 6. Nc3 c5 7. dxc5 dxc5 8.
Qxd8 Rxd8 9. Be3 Na6 10. Na4 Ne4 11. Ne1 Nd2 12. Rd1 Bg4 13. Rxd2 Rxd2 14. Bxd2
Bxe2 15. Bxb7 Rd8 16. Bxa6 Bxf1 17. Kxf1 Rxd2 18. c3 Rd6 19. Nxc5 Rb6 20. Ned3
e5 21. Bc4 Rd6 22. Ne4 Rd7 23. Ke2 h6 24. b4 Kf8 25. Ndc5 Rd8 26. Nb7 Rd7 27.
Nec5 Re7 28. a4 e4 29. Kd2 h5 30. a5 Bh6+ 31. Kc2 e3 32. fxe3 Bxe3 33. a6 Bg1
34. b5 Bxc5 35. Nxc5 Rc7 36. Kb3 Rxc5 37. Kb4 Rc7 38. Bd5 Ke7 39. Bb7 Kd6 40.
b6 axb6 41. a7 Rxb7 42. a8=Q Kc6 43. c4 Kc7 44. Kb5 Rb8 45. Qc6+ Kd8 46. Qd6+
Kc8 47. Kc6 Rb7 48. Qf8# 1-0

[Event "España tch Primera División - A 2013"]
[Site "Linares ESP"]
[Date "2013.08.23"]
[Round "5.21"]
[White "Narciso Dublan, Marc"]
[Black "Barrero Garcia, Carlos"]
[Result "1/2-1/2"]
[WhiteElo "2505"]
[BlackElo "2371"]
[PlyCount "79"]
[EventDate "2013.08.19"]
[EventType "team-tourn"]
[EventRounds "5"]
[EventCountry "ESP"]
[Source "lmi"]
[SourceDate "2013.08.19"]

1. d4 Nf6 2. c4 e6 3. Nc3 Bb4 4. Qc2 O-O 5. a3 Bxc3+ 6. Qxc3 b5 7. cxb5 c6 8.
Bg5 cxb5 9. e3 Bb7 10. Nf3 Qb6 11. Bxf6 gxf6 12. Bd3 Rc8 13. Qd2 Nc6 14. O-O
Kh8 15. Rfc1 Rg8 16. Qd1 d6 17. Bf1 Na5 18. Nd2 Nc4 19. Nxc4 bxc4 20. Rxc4 Bd5
21. Rb4 Qc6 22. g3 Rac8 23. Qa4 Qc7 24. Bg2 Bxg2 25. Kxg2 Rg5 26. Qa6 Qc2 27.
Rf1 Qe4+ 28. Kg1 Rc2 29. Qxd6 Kg7 30. Rb8 Rf5 31. Qf8+ Kg6 32. Qg8+ Kh6 33.
Qf8+ Kg6 34. Qg8+ Kh6 35. Qxf7 Rcxf2 36. Qf8+ Kh5 37. Qf7+ Kh6 38. Qf8+ Kh5 39.
Qf7+ Kh6 40. Qf8+ 1/2-1/2

[Event "España tch Primera División - A 2013"]
[Site "Linares ESP"]
[Date "2013.08.23"]
[Round "5.22"]
[White "Reales Murto, Manuel Jose"]
[Black "Alonso Moyano, Jonathan"]
[Result "0-1"]
[WhiteElo "2292"]
[BlackElo "2420"]
[PlyCount "92"]
[EventDate "2013.08.19"]
[EventType "team-tourn"]
[EventRounds "5"]
[EventCountry "ESP"]
[Source "lmi"]
[SourceDate "2013.08.19"]

1. d4 f5 2. g3 Nf6 3. Bg2 g6 4. c3 Bg7 5. Nd2 Nc6 6. Qb3 d5 7. Ndf3 O-O 8. Nh3
Ne4 9. Nf4 e6 10. h4 Bf6 11. Nd3 Ne7 12. Bf4 b6 13. Be5 c5 14. Nf4 Nc6 15. Bxf6
Qxf6 16. e3 Bd7 17. Qd1 c4 18. Bh3 b5 19. Nd2 Rfd8 20. O-O Be8 21. Qe1 e5 22.
Ne2 Bf7 23. f3 Nd6 24. f4 e4 25. b4 cxb3 26. axb3 a5 27. Qb1 b4 28. Rc1 bxc3
29. Rxc3 Nb5 30. Rc5 Rdb8 31. Ra4 Rb6 32. Qa1 Nc7 33. Bf1 Na6 34. Rc1 Nab4 35.
Kg2 h6 36. Nc3 g5 37. hxg5 hxg5 38. Be2 Kg7 39. Rh1 Rbb8 40. Qb2 Rh8 41. Raa1
gxf4 42. gxf4 Rag8 43. Kf2 Kf8 44. Qc1 Rh4 45. Nb5 Qg6 46. Qg1 Qh6 0-1

[Event "España tch Primera División - A 2013"]
[Site "Linares ESP"]
[Date "2013.08.23"]
[Round "5.23"]
[White "Willemze, Thomas"]
[Black "Gallardo Fernandez, Cesar"]
[Result "1-0"]
[WhiteElo "2415"]
[BlackElo "2240"]
[PlyCount "107"]
[EventDate "2013.08.19"]
[EventType "team-tourn"]
[EventRounds "5"]
[EventCountry "ESP"]
[Source "lmi"]
[SourceDate "2013.08.19"]

1. e4 e5 2. Nf3 Nc6 3. Nc3 Nf6 4. Bb5 Bb4 5. O-O O-O 6. d3 d6 7. Bg5 Ne7 8. Nh4
Bg4 9. f3 Be6 10. Bxf6 gxf6 11. f4 c6 12. Ba4 Bxc3 13. bxc3 Qa5 14. f5 Qxa4 15.
fxe6 fxe6 16. Qg4+ Kf7 17. Rxf6+ Kxf6 18. Rf1+ Nf5 19. Nxf5 exf5 20. Rxf5+ Ke7
21. Qg7+ Ke6 22. Qh6+ Ke7 23. Qxh7+ Ke6 24. Qg6+ Ke7 25. Qg7+ Ke6 26. Rh5 Rf7
27. Rh6+ Ke7 28. Qg6 Kf8 29. Qxd6+ Kg7 30. Qg6+ Kf8 31. Qg5 Ke8 32. Qxe5+ Re7
33. Rh8+ Kd7 34. Qf5+ Kc7 35. Rxa8 Qxa2 36. Qf4+ Kb6 37. Qf2+ c5 38. Qf1 Rf7
39. Qc1 a5 40. e5 Kc7 41. c4 Re7 42. h4 Rxe5 43. Qf4 Qa1+ 44. Kh2 Qd4 45. Qxd4
cxd4 46. g4 b6 47. h5 Kb7 48. Rf8 Re2+ 49. Kg3 Re1 50. Rf7+ Ka6 51. Rf2 Rg1+
52. Rg2 Rh1 53. Rh2 Rg1+ 54. Kf3 1-0

[Event "España tch Primera División - A 2013"]
[Site "Linares ESP"]
[Date "2013.08.23"]
[Round "5.24"]
[White "Melero Fidalgo, Juan De Dios"]
[Black "Geske, Julian"]
[Result "0-1"]
[WhiteElo "2230"]
[BlackElo "2395"]
[PlyCount "80"]
[EventDate "2013.08.19"]
[EventType "team-tourn"]
[EventRounds "5"]
[EventCountry "ESP"]
[Source "lmi"]
[SourceDate "2013.08.19"]

1. d4 d5 2. c4 c6 3. Nd2 Bf5 4. Ngf3 e6 5. g3 Nf6 6. Bg2 Be7 7. O-O O-O 8. Nh4
Bg4 9. h3 Bh5 10. g4 Bg6 11. Nxg6 hxg6 12. e4 Nxe4 13. Nxe4 dxe4 14. Bxe4 Qc7
15. Be3 Nd7 16. Bg2 Rad8 17. Qb3 b6 18. a4 c5 19. d5 e5 20. a5 f5 21. axb6 axb6
22. gxf5 gxf5 23. f4 e4 24. Qd1 Nf6 25. Qe2 Ra8 26. Qf2 Nh5 27. Rac1 Ra2 28.
Rc2 Rfa8 29. Rd1 Bd6 30. Bf1 Ra1 31. Rcd2 Rxd1 32. Rxd1 Rf8 33. b4 Nxf4 34.
bxc5 bxc5 35. Rb1 Ng6 36. Rb5 f4 37. Bxc5 e3 38. Bxe3 fxe3 39. Qxe3 Bh2+ 40.
Kg2 Nh4+ 0-1

[Event "España tch Primera División - A 2013"]
[Site "Linares ESP"]
[Date "2013.08.23"]
[Round "5.31"]
[White "Korneev, Oleg"]
[Black "Sadusea, Johnny"]
[Result "1-0"]
[WhiteElo "2625"]
[BlackElo "2110"]
[PlyCount "59"]
[EventDate "2013.08.19"]
[EventType "team-tourn"]
[EventRounds "5"]
[EventCountry "ESP"]
[Source "lmi"]
[SourceDate "2013.08.19"]

1. e4 c5 2. Nf3 d6 3. d4 cxd4 4. Nxd4 Nf6 5. Nc3 a6 6. Be3 e5 7. Nf3 Qc7 8. a4
b6 9. Nd5 Nxd5 10. Qxd5 Bb7 11. Qb3 Nd7 12. Bc4 f6 13. Bf7+ Kd8 14. Bd5 Bxd5
15. Qxd5 Rc8 16. Nd2 Qxc2 17. O-O Qc6 18. Qd3 Qb7 19. Rfc1 d5 20. exd5 Bc5 21.
Ne4 Ke7 22. d6+ Ke6 23. Rd1 Bxe3 24. Qxe3 Rc4 25. Nd2 Rd4 26. Nf3 Rd5 27. Qe2
Rc8 28. Nd4+ Kxd6 29. Nf5+ Ke6 30. Qg4 1-0

[Event "España tch Primera División - A 2013"]
[Site "Linares ESP"]
[Date "2013.08.23"]
[Round "5.32"]
[White "Dura Olmos, Gines Raul"]
[Black "Zhigalko, Andrey"]
[Result "0-1"]
[WhiteElo "2042"]
[BlackElo "2603"]
[PlyCount "64"]
[EventDate "2013.08.19"]
[EventType "team-tourn"]
[EventRounds "5"]
[EventCountry "ESP"]
[Source "lmi"]
[SourceDate "2013.08.19"]

1. e4 c5 2. Nf3 e6 3. d4 cxd4 4. Nxd4 a6 5. c4 Qc7 6. Be2 Nf6 7. Nc3 Bb4 8. Qc2
O-O 9. O-O d6 10. Be3 Bxc3 11. bxc3 Nbd7 12. f3 Ne5 13. Qb3 Bd7 14. Rab1 Rab8
15. Qb6 Rfc8 16. Rb4 Qxb6 17. Rxb6 Nxc4 18. Bxc4 Rxc4 19. Rxd6 Rxc3 20. Bd2 Rd3
21. Ba5 Ba4 22. Rb1 Ne8 23. Nc6 Nxd6 24. Nxb8 f5 25. e5 Nc4 26. Bc7 Bb5 27. a4
Bxa4 28. Rxb7 Bb5 29. Ra7 Rd1+ 30. Kf2 f4 31. h4 Ne3 32. g3 Rf1# 0-1

[Event "España tch Primera División - A 2013"]
[Site "Linares ESP"]
[Date "2013.08.23"]
[Round "5.33"]
[White "Mirzoev, Azer"]
[Black "Cucarella Montell, Angels"]
[Result "1-0"]
[WhiteElo "2539"]
[BlackElo "1996"]
[PlyCount "35"]
[EventDate "2013.08.19"]
[EventType "team-tourn"]
[EventRounds "5"]
[EventCountry "ESP"]
[Source "lmi"]
[SourceDate "2013.08.19"]

1. d4 d5 2. Nf3 e6 3. c4 c5 4. cxd5 exd5 5. Nc3 Nc6 6. Bg5 Qa5 7. e3 c4 8. Be2
Bd6 9. O-O Nge7 10. e4 O-O 11. exd5 Nxd5 12. Ne4 Bc7 13. Bxc4 Bg4 14. Bd2 Ndb4
15. d5 Ne5 16. Qb3 Nxc4 17. Qxc4 Qxd5 18. Nf6+ 1-0